كهف البرحيب

محفوظ في:

المؤلف الرئيسي: محمود العابدى.

التنسيق: كتاب

اللغة: Undetermined

منشور في: Amman jameiat eumaal matabie altaeawunia 1967

الوسوم: إضافة وسم

لا توجد وسوم, كن أول من يضع وسما على هذه التسجيلة!

رقم الطلب: E80 ABAD

LEADER 00353nam a2200121Ia 4500
008 240404s9999||||xx |||||||||||||| ||und||
050 4 |a E80 ABAD 
100 1 |a محمود العابدى. 
245 1 0 |a كهف البرحيب  |c محمود العابدى 
264 1 |a Amman  |b jameiat eumaal matabie altaeawunia   |c 1967 
300 |a 12  |c 24 
942 |2 lcc  |c BK 
999 |c 58004  |d 58004